| 000 | 00566 a2200145 4500 | ||
|---|---|---|---|
| 020 | _a9698510168 (unknown binding) | ||
| 020 | _a9789698510169 (unknown binding) | ||
| 090 |
_c4632 _d4632 |
||
| 100 | 1 | _aQadri, Muhammad Riyaz. | |
| 245 | 1 | 4 |
_aThe sultan of the saints : _bmystical life and teaching of shaikh syed abdul qadir jilani / _cMuhammad Riyaz Qadri. |
| 260 |
_a[S.l.] : _bAbbasi Pablications, _c2000. |
||
| 300 |
_a380 p. ; _c21 cm. |
||
| 856 | 4 | 0 |
_3Amazon.com _uhttp://www.amazon.com/exec/obidos/ASIN/9698510168/chopaconline-20 |
| 942 |
_aNBS _cBK _k297.48092 QAD |
||
| 999 |
_c347070 _d347070 |
||